| 000 | 00625nam a2200229Ia 4500 | ||
|---|---|---|---|
| 003 | OSt | ||
| 005 | 20230403164023.0 | ||
| 008 | 210423s2010 xx 000 0 und d | ||
| 020 | _a978-3-642-09873-4 | ||
| 040 | _cAL | ||
| 041 | _aeng | ||
| 082 |
_a532.05 _223 _bWENC |
||
| 100 |
_aWENDT (John F) _982884 |
||
| 245 | _aComputational fluid dynamics: an introduction Ed 3 | ||
| 250 | _a3 | ||
| 260 |
_aHeidelberg _bSpringer Verlag _c2010 |
||
| 300 |
_axii,332 _bPB |
||
| 365 |
_b5823.65 _cEUR |
||
| 650 |
_aFluid Mechanics _982885 |
||
| 906 | _aan ; Computational ; dynamics: ; fluid ; introduction | ||
| 942 |
_2ddc _cBK |
||
| 999 |
_c169134 _d169134 |
||